| 000 | 00371nam a2200145Ia 4500 | ||
|---|---|---|---|
| 008 | 230917s9999||||xx |||||||||||||| ||und|| | ||
| 040 |
_e129201 _aMAIN |
||
| 041 | _aEnglish | ||
| 082 | _a342.7 H88H | ||
| 100 | _aVijay Kumar, ed. | ||
| 245 | 0 | _aHuman rights, dimension and issues. 2V | |
| 260 |
_aNew Delhi _bAnmol Publications _c2003 |
||
| 300 | _av. p. | ||
| 942 | _cBK | ||
| 999 |
_c111656 _d111656 |
||